00746 2200253 4500001002100000005001700021008004100038020002200079035002500101040001200126082002100138084002100159090002100180100002700201245009000228250001000318260002900328300003400357650002400391700001900415700002400434850001200458990002200470INLIS00000000000387620150414080616.0  a978-979-29-3452-6 a0010-041500000000942 aYOPDYOG aDEP 333.79 Ast M aDEP 333.79 Ast M aDEP 333.79 Ast M aASTU PUDJANARSA, 1964- aMesin konversi energi/cAstu Pudjanarsa, Djati Nursuhud ; editor, Fl. Sigit Suyantoro aCet.1 aYogyakarta:bAndi,c2013 axvi, 454 hlm.:bilus.;c23 cm aKekuatan dan energi aDjati Nursuhud aSigit Suyantoro, Fl aYOPDYOG aCB-D.11 2013-1675